A fej, nyak tumorok regionális chemotherapiájának technikája; alkalmazásának előnyei és hátrányai

Elmentve itt :
Bibliográfiai részletek
Szerzők: Szabó György
Kovács Ádám
Sonkodi István
Dokumentumtípus: Cikk
Megjelent: 1976
Sorozat:VASÚTEGÉSZSÉGÜGY 11 No. 3-4
Tárgyszavak:
mtmt:2324705
Online Access:http://publicatio.bibl.u-szeged.hu/33845
LEADER 00760nab a2200217 i 4500
001 publ33845
005 20250605165135.0
008 250605s1976 hu o 000 hun d
022 |a 0139-0902 
024 7 |a 2324705  |2 mtmt 
040 |a SZTE Publicatio Repozitórium  |b hun 
041 |a hun 
100 1 |a Szabó György 
245 1 2 |a A fej, nyak tumorok regionális chemotherapiájának technikája; alkalmazásának előnyei és hátrányai  |h [elektronikus dokumentum] /  |c  Szabó György 
260 |c 1976 
300 |a 119-121 
490 0 |a VASÚTEGÉSZSÉGÜGY  |v 11 No. 3-4 
650 4 |a Klinikai orvostan 
700 0 1 |a Kovács Ádám  |e aut 
700 0 1 |a Sonkodi István  |e aut 
856 4 0 |u http://publicatio.bibl.u-szeged.hu/33845/1/aok_klny_593_76.pdf  |z Dokumentum-elérés